| 000 | 00000nam##2200000za#4500 |
| 001 | 9.611022 |
| 003 | CaOODSP |
| 005 | 20211126112846 |
| 007 | ta |
| 008 | 150406|1994||||xxc||||| f|0| 0 eng|d |
| 020 | |a0-662-21475-7 |
| 022 | |a1192-5434 |
| 040 | |aCaOODSP|beng |
| 043 | |an-cn--- |
| 086 | 1 |aFB3-2/94-3E |
| 110 | 2 |aBank of Canada. |
| 245 | 10|aTerm structure and real activity in Canada / |cby Barry Cozier and Greg Tkacz, Department of Monetary and Financial Analysis. |
| 260 | |aOttawa - Ontario : |bBank of Canada |c1994. |
| 300 | |avii, 64p. : |bgraphs, references, tables ; |c28 cm. |
| 490 | 1 |aWorking paper|x1192-5434|v94-3 |
| 500 | |a"This paper examines the predictive content of the term structure of interest rates for economic activity in Canada."--Abstract. |
| 520 | 3 |aThis paper examines the predictive content of the term structure of interest rates for economic activity in Canada.--Abstract |
| 546 | |aRésumés en français |
| 563 | |aSoftcover |
| 690 | 07|aInterest rates|2gcpds |
| 720 | 1 |aCozier, Barry |
| 720 | 1 |aTkacz, Greg |
| 776 | 0#|tThe term structure and real activity in Canada / |w(CaOODSP)9.571624 |
| 830 | #0|aWorking paper,|x1192-5434|v94-3|w(CaOODSP)9.514622 |